000 01498ngm a22004330a 4500
001 PT43898
003 AR-LpoUNG
005 20210201235944.0
007 vd cvaizq
008 191001s2011||||ag |||||||||||||||||spa d
040 _aAR-LpoUNG
_bspa
_cAR-LpoUNG
_eaacr
041 _aspa
044 _aag
082 0 _a302.1 617v14
100 1 _aBirri, Fernando
_edir.
245 1 3 _aEl siglo del viento
260 _aRosario :
_bISCAA - ATE,
_c[2011].
300 _aDVD (85 min.) : son., col.
505 0 _aHecha en 1999. Alemania-Argentina-Uruguay-España. Guión: Fernando Birri, Eduardo Galeano. Fotografía: Libio Pansavalle. Música: Fernando Birri.
520 _aLas varias muertes y resurrecciones de Miguel Mármol, militante salvadoreño, simbolizan las de un continente que se empeña en vivir, mientras imágenes de archivo y los muñecos de Walter Tournier ilustran y comentan los hechos. Basado en el tercer tomo de las Memorias del fuego de Eduardo Galeano.
650 4 _aAMERICA LATINA
650 4 _aASPECTOS POLITICOS
650 4 _aCONDICIONES SOCIALES
650 4 _aCONSECUENCIAS ECONOMICAS
650 4 _aCULTURA
650 4 _aFACTORES CULTURALES
650 4 _aHISTORIA
650 4 _aHISTORIA POLITICA
650 4 _aIDENTIDAD CULTURAL
650 4 _aPOLITICA
650 4 _aPROBLEMAS SOCIALES
651 4 _aArgentina
653 _aCINE ARGENTINO
653 _aDOCUMENTALES
653 _aDVD
653 _aVIDEOS
905 _a43898
942 _cDVD
999 _c53845
_d53845